[Event "FRA-chT3 Gr01 0607"]
[Site "France"]
[Date "2007.03.31"]
[Round "8.6"]
[White "Englebert, Thomas"]
[Black "Maggio, Stephane"]
[Result "1/2-1/2"]
[WhiteElo "1860"]
[BlackElo "1499"]
[PlyCount "87"]
[EventDate "2006.10.15"]
[EventType "team-tourn"]
[EventRounds "9"]
[EventCountry "FRA"]
[SourceTitle "EXT 2008"]
[Source "ChessBase"]
[SourceDate "2007.11.25"]
[SourceVersion "1"]
[SourceVersionDate "2007.11.25"]
[SourceQuality "1"]

1. Nf3 c5 2. g3 g6 3. Bg2 Bg7 4. 0-0 Nf6 5. d3 0-0 6. Bf4 d6 7. Qd2 Nc6 8. Bh6 b6 9. Bxg7 Kxg7 10. Ng5 Bb7 11. a3 Qc7 12. Nc3 a6 13. Nge4 Nxe4 14. Nxe4 Ne5 15. f4 Ng4 16. f5 Nf6 17. Nxf6 exf6 18. e4 Rae8 19. Rf4 g5 20. Rg4 h6 21. h4 Rh8 22. hxg5 hxg5 23. Qc3 Qe7 24. Rxg5+ Kf8 25. Rg4 Qe5 26. Qxe5 fxe5 27. Rf1 f6 28. Rg6 Rg8 29. Rxf6+ Ke7 30. Rg6 Rxg6 31. fxg6 Rf8 32. Rxf8 Kxf8 33. Bh3 Kg7 34. Bf5 Bc6 35. Kh2 b5 36. Kh3 a5 37. Kh4 b4 38. axb4 axb4 39. b3 Be8 40. Kg5 Bc6 41. Be6 Be8 42. Bf7 Bd7 43. g4 Bc8 44. Be8 1/2-1/2